| 000 | 00569nam a2200229Ia 4500 | ||
|---|---|---|---|
| 003 | OSt | ||
| 005 | 20220918204635.0 | ||
| 006 | a|||||r|||| 00| 0 | ||
| 007 | ta | ||
| 008 | 220917b |||||||| |||| 00| 0 eng d | ||
| 024 | _a113,618 | ||
| 037 | _cTextual | ||
| 040 |
_aARTS _cARTS _beng |
||
| 041 |
_2eng _aeng |
||
| 082 | _aV5:1:N3, J7-;1 (TTV) | ||
| 100 |
_aGisher H A L _9112680 |
||
| 245 | 0 | _aHistory of Europe | |
| 260 | _c1957 | ||
| 650 | _aHISTORY | ||
| 942 |
_hV5:1:N3, J7-;1 (TTV) _cTEXL _2CC |
||
| 999 |
_c236949 _d236949 |
||